Al este del edén I / (Record no. 28703)

MARC details
000 -LEADER
campo de control de longitud fija 00598nam a2200217 4500
001 - NÚMERO DE CONTROL
campo de control 00028670
005 - FECHA Y HORA DE LA ÚLTIMA TRANSACCIÓN
campo de control 20260330112008.0
008 - DATOS DE LONGITUD FIJA--INFORMACIÓN GENERAL
campo de control de longitud fija 260330b ag ||||| |||| 00| 0 spa d
020 ## - NÚMERO INTERNACIONAL ESTÁNDAR DEL LIBRO
Número Internacional Estándar del Libro 8475308511
040 ## - FUENTE DE CATALOGACIÓN
Centro catalogador/agencia de origen AR-CcCEOS
Lengua de catalogación Español; Castellano
Centro/agencia transcriptor AR-CcCEOS
041 ## - CÓDIGO DE IDIOMA
Código de lengua del texto/banda sonora o título independiente Español; Castellano
080 ## - NÚMERO DE LA CLASIFICACIÓN DECIMAL UNIVERSAL
Número de la Clasificación Decimal Universal 820-3(73)
090 ## - LOCALMENTE ASIGNADO TIPO-LC NÚMERO DE CLASIFICACIÓN (OCLC); NÚMERO DE CLASIFICACIÓN LOCAL (RLIN)
Número cutter local (OCLC) ; Número de libro/Signatura topográfica íntegra, CALL (RLIN) STE
100 1# - ENTRADA PRINCIPAL--NOMBRE DE PERSONA
Nombre de persona Steinbeck, John,
Fechas asociadas al nombre 1902-1968
9 (RLIN) 991
245 ## - MENCIÓN DEL TÍTULO
Título Al este del edén I /
Mención de responsabilidad, etc. John Steinbeck
264 ## - PRODUCCIÓN, PUBLICACIÓN, DISTRIBUCIÓN, FABRICACIÓN Y COPYRIGHT
Producción, publicación, distribución, fabricación y copyright Argentina :
Nombre del de productor, editor, distribuidor, fabricante Orbis,
Fecha de producción, publicación, distribución, fabricación o copyright c1984.
300 ## - DESCRIPCIÓN FÍSICA
Extensión 309 p. ;
Dimensiones 20x12 cm.
490 ## - MENCIÓN DE SERIE
Designación de volumen o secuencia Biblioteca Grandes Éxitos
655 #0 - TERMINO DE INDIZACIÓN--GENERO/FORMA
Datos o término principal de género/forma literatura inglesa
Subdivisión de forma novela
9 (RLIN) 904
942 ## - ELEMENTOS DE ENTRADA SECUNDARIOS (KOHA)
Fuente de la clasificación o esquema de estantería Clasificación decimal universal
Suprimir en OPAC No
Tipo de ítem Koha Libros
Holdings
Estatus retirado Estado de pérdida Fuente de la clasificación o esquema de estantería Estado de daño No para préstamo Biblioteca de origen Biblioteca actual Fecha de adquisición Número de inventario Total de préstamos Signatura topográfica completa Información codificada de la localización en otra ubicación Colección Código de barras Visto por última vez Precio de reemplazo Tipo de ítem Koha
    Clasificación decimal universal     Biblioteca Julio Serebrinsky Biblioteca Julio Serebrinsky 30/03/2026 46258   820-3(73) STE SER 46258 30/03/2026 30/03/2026 Libros